000 00452nam a22001577a 4500
003 OSt
005 20240419145638.0
008 240419b |||||||| |||| 00| 0 eng d
040 _cMRSPTU
100 _aChaman Lal (चमन लाल)
245 _aSimpuran Kavitayen (सिम्पुरन कवितायें)
_bA Collection of Poems
250 _a1st
260 _aHaryana
_bAdhar Publications
_c2011
300 _a272
942 _2ddc
_cBK
_n0
999 _c10120
_d10120